00289nam a2200121Ia 4500008004100000041000800041082001500049100001400064245001400078260003400092300003000126365001100156240624s9999 xx 000 0 und d aeng a891.46 BAP aBAPAT B G aBABA AMTE c2007aPunebRajhans Prakashan axv, : 239 : p. : cm. ; 21 cRSb20